Formula 1: Most Points Per Team - Aston Martin - Statistics

General Stats
  • This quiz has been taken 48 times
  • The average score is 7 of 12
Answer Stats
Points Answer Nationality Years on team % Correct
572 Sergio Pérez Mexico 2014-2020
98%
268 Fernando Alonso Spain 2023-
95%
240 Lance Stroll Canada 2019-
93%
80 Sebastian Vettel Germany 2021-2022
90%
136 Esteban Ocon France 2017-2018
88%
291 Nico Hülkenberg Germany 2012, 2014-2016, 2020, 2022
83%
22 Giancarlo Fisichella Italy 2008-2009
56%
134 Adrian Sutil Germany 2009-2011, 2013
54%
121 Paul di Resta United Kingdom 2011-2013
44%
21 Vitantonio Liuzzi Italy 2009-2010
34%
5 Carroll Shelby United States 1959
7%
16 Roy Salvadori United Kingdom 1959-1960
5%
No matching quizzes found
Score Distribution
Percent of People with Each Score
Percentile by Number Answered
Your Score History
You have not taken this quiz